| 000 | 00587nam a2200133Ia 4500 | ||
|---|---|---|---|
| 008 | 171212s9999 xx 000 0 und d | ||
| 020 | _a9780833032645 | ||
| 100 | _aJenkins, Brian Michael | ||
| 245 |
_cJenkins, Brian Michael _aCountering al Qaeda _bAn Appreciation of the Situation and Suggestions for Strategy |
||
| 260 |
_bRAND Corporation _c2002 |
||
| 650 | _aPolitical Science | ||
| 650 | _aWar on Terrorism, 2001–; Qaida (Organization); Terrorism; United States -- Military policy; Terrorism -- Government policy -- United States | ||
| 856 | _uwww.jstor.org/stable/10.7249/mr1620rc | ||
| 999 |
_c351900 _d351900 |
||